OM - Adversaires en Coupe d'Europe - Statistiques

Statistiques générales
  • Ce quiz a été pris 192 fois
    87 depuis la dernière actualisation
  • Le résultat moyen est 17 sur 26
Statistiques - réponses
Réponse % Correct
Real Madrid
99%
Ajax
93%
Liverpool
93%
Atalanta
92%
Club Brugge
88%
Sporting CP
85%
Newcastle
81%
Tottenham
81%
Benfica
77%
Union Saint-Gilloise
76%
Manchester City
73%
FC Porto
67%
Panathinaïkós
64%
Villarreal
64%
Feyenoord
63%
Eintracht Francfort
60%
Brighton
59%
Olympiakos
59%
AEK Athènes
49%
Lazio
49%
FC Bâle
35%
PAOK
35%
Galatasaray
33%
Qarabag
33%
Shakthar Donetsk
32%
Lokomotiv Moscou
21%
Aucun quiz correspondant
Distribution des résultats
% des personnes avec chaque résultat
Percentile par nombre de réponses
Votre historique - résultats
Vous n’avez pas pris ce quiz depuis la dernière actualisation